Famous People Named Vanessa - Statistics

General Stats
  • This quiz has been taken 182 times
    47 since last reset
  • The average score is 4 of 9
Answer Stats
Life Hint Person % Correct
1937– Veteran English actress who won an Oscar for Julia Vanessa Redgrave
84%
1972– French singer, model and actress who dated Johnny Depp (1998–2012) Vanessa Paradis
61%
1963– Singer of "Save the Best for Last"; first African-American Miss America Vanessa Williams
59%
1988– Singer and actress who portrayed Gabriella Montez in High School Musical Vanessa Hudgens
52%
1980– Her debut single "A Thousand Miles" reached the Billboard Top 5 in 2002 Vanessa Carlton
39%
1988– British actress of The Crown and Mission: Impossible - Fallout Vanessa Kirby
36%
1980– Miss Teen USA who married the lead singer of 98 Degrees, taking his name Vanessa Lachey
30%
1981– SNL comedian (2010–17), actress in Office Christmas Party Vanessa Bayer
20%
1978– Singaporean violinist who also competed in Olympic alpine skiing Vanessa-Mae
18%
No matching quizzes found
Score Distribution
Percent of People with Each Score
Percentile by Number Answered
Your Score History
You have not taken this quiz since the last reset